00537nam a22001697a 450000500170000001000150001702000290003203500140006103700130007508200080008810000180009624500760011426000420019027000400023230000270027250000680029920180705101659.0 aENG-123381 c425.00 a9789352534388 aEN-106913 bDBAD/PUB a590 aAgarwal, V.K.00aZoology for degree students:cby V.K. Agarwal,bBSc (Hons) semester I / aNew DelhibS. Chand and Companyc2018 a7361, Ram Nagar,bNew Delhie110055 a928p.c27cm(pbk)bill. aIt includes index. As per UGC choice based credit system (CBCS)